[Event "7th Altibox Norway Chess Armageddon 2019"]
[Site "Stavanger"]
[Date "2019.06.10"]
[Round "6.3"]
[White "Aronian, Levon"]
[Black "So, Wesley"]
[Result "1-0"]
[WhiteElo "2752"]
[BlackElo "2754"]
[Annotator "TA"]
[PlyCount "93"]
[EventDate "2019.06.04"]
[EventType "tourn"]
[EventCountry "NOR"]
[SourceTitle "playchess.com"]
[Source "ChessBase"]
[SourceQuality "1"]

{[%evp 11,92,-10,3,-7,-2,-10,-6,-6,0,0,0,0,0,0,12,10,17,19,19,25,20,14,25,18,11,12,27,10,16,0,293,286,289,271,273,293,347,358,337,31,27,0,42,0,91,81,85,79,59,36,96,99,82,80,45,37,71,0,37,14,57,55,374,379,347,332,523,522,483,483,495,185,186,189,182,171,129,181,145,96,153,107,29999]} 1. c4 e5 2. g3 Nf6 3. Nc3 Bb4 4. e4 O-O 5. Nge2 Nc6 6. Bg2 Bc5 7. O-O {A25: English Opening vs King's Indian with ...Nc6 but without early d3} d6 8. d3 Bg4 (8... a6 9. h3 b5 10. Kh2 bxc4 11. dxc4 Nd4 12. Qd3 a5 13. Be3 Nxe2 14. Qxe2 Nd7 15. Rad1 {½-½ (61) Klekowski,M (2506)-Wojtaszek,R (2724) Chorzow 2019}) 9. Kh1 {The position is equal.} Bxe2 $146 ({Predecessor:} 9... Nd7 10. a3 a5 11. f3 Be6 12. b3 Nd4 13. Rb1 f5 14. Nxd4 Bxd4 15. Ne2 {0-1 (41) Schweber,S-Szmetan,J Buenos Aires 1973}) 10. Qxe2 Nd4 11. Qd1 c6 12. f4 h6 13. Na4 Bb4 14. a3 Ba5 15. Be3 b5 16. cxb5 cxb5 17. Nc3 Bb6 18. Rc1 a6 19. Bh3 Re8 20. g4 {aiming for g5.} Ne6 $2 {[%mdl 8192]} (20... exf4 $11 21. Bxf4 Ne6) 21. Bxb6 $18 Qxb6 {[#]} 22. g5 $1 {[%mdl 512]} hxg5 23. Bxe6 $1 fxe6 24. fxg5 Nh7 25. Qg4 $2 ({Stronger than} 25. Qh5 Qe3 $11) (25. g6 $1 $18 {Qh5 is the strong threat.} Nf6 26. Qe1) 25... Qe3 $14 26. h4 Rf8 {White must now prevent ...Rf4.} 27. g6 Rxf1+ (27... Nf6 $1 $11 {remains equal.} 28. Qxe6+ Kh8) 28. Rxf1 $16 Nf8 29. h5 Qxd3 30. Kg2 {Threatens to win with Qg5.} Qd2+ ({Black should play} 30... Qe3 $1 $14) 31. Rf2 {[%mdl 1024] White has strong compensation.} Qe3 32. Nd1 Qc1 33. Qf3 $40 {[%mdl 128] White mounts an attack.} Qg5+ 34. Kf1 (34. Kh3 $16 {Qf7+ would kill now.} Nd7 35. Qf7+ Kh8 36. Qxd7 Qxh5+ {[%mdl 64] Double Attack} 37. Kg3 Qxg6+ 38. Kf3) 34... Qe7 (34... Qf4 $5) 35. Ke2 b4 36. a4 Nd7 $2 {[%mdl 8192]} (36... Rc8 $14) 37. Qf7+ $18 Qxf7 38. Rxf7 {[%mdl 4096] Endgame KRN-KRN} Nc5 {[#]} (38... Nf6 $142 39. h6 Nh5) 39. Nf2 $1 {Threatening mate with h6!} Rf8 40. Rc7 b3 41. Ng4 $2 (41. a5 {Strongly threatening h6!} Rf6 42. Ke3) 41... Nxe4 {White should prevent ...Ng3+.} 42. h6 Ng3+ 43. Ke1 Nf5 44. hxg7 Nxg7 45. Nh6+ Kh8 {[#]} 46. Ra7 $1 Nf5 $2 {[%mdl 8192]} (46... Rc8 $16) 47. Rh7# {Accuracy: White = 55%, Black = 35%.} 1-0

[Event "7th Altibox Norway Chess Armageddon 2019"]
[Site "Stavanger"]
[Date "2019.06.10"]
[Round "6.4"]
[White "Mamedyarov, Shakhriyar"]
[Black "Vachier-Lagrave, Maxime"]
[Result "1/2-1/2"]
[WhiteElo "2774"]
[BlackElo "2779"]
[Annotator "TA"]
[PlyCount "114"]
[EventDate "2019.06.04"]
[EventType "tourn"]
[EventCountry "NOR"]
[SourceTitle "playchess.com"]
[Source "ChessBase"]
[SourceQuality "1"]

{[%evp 9,114,10,22,16,29,2,11,-2,6,0,0,0,0,0,8,0,10,0,0,0,13,0,10,0,0,-33,-5,-19,1,-35,-6,-72,-58,-59,-71,-100,-35,-65,-12,-32,-22,-141,-131,-135,-114,-129,-135,-135,-132,-118,-102,-145,-149,-147,-148,-154,-148,-140,-150,-139,-75,-78,-84,-84,-63,-67,-47,-116,-63,-63,-63,-61,-64,-68,-77,-81,0,0,0,0,0,0,0,5,7,7,31,31,31,27,80,0,0,0,9,9,27,27,27,0,0,0,0,0,0,0,0]} 1. d4 Nf6 2. c4 g6 3. Nf3 Bg7 4. e3 O-O 5. Be2 b6 6. O-O {E60: King's Indian: Unusual lines and Fianchetto Variation without Nc3} Bb7 7. h3 $146 ({Predecessor:} 7. Nc3 e6 8. Qc2 d5 9. cxd5 Nxd5 10. Nxd5 exd5 11. b4 Nd7 12. a4 a5 13. b5 {0-1 (54) Dominguez Perez,L (2739)-Vachier Lagrave,M (2779) chess.com INT 2018}) 7... e6 8. b3 d5 9. Nc3 Nbd7 10. Ba3 Re8 11. Rc1 a6 12. Qc2 dxc4 13. bxc4 c5 14. Rfd1 cxd4 15. exd4 Rc8 16. Qb3 Qc7 17. Na4 Bc6 18. Nb2 Qb7 19. Bd6 b5 20. c5 (20. Bf4 $11 {keeps the balance.}) 20... Bd5 21. Qa3 Ne4 22. Bf4 Nb8 (22... b4 $17 23. Qxa6 Ndxc5 24. dxc5 Bxb2 25. Qxb7 Bxb7) 23. Ne5 Nc6 (23... f6 $1 $15 24. Ng4 Nc6) 24. Nxc6 Bxc6 25. f3 (25. Qe3 $11) 25... b4 $1 $36 {[%cal Rb4a3][%mdl 2048] Black is on the roll.} 26. Qxa6 Nc3 27. Qxb7 Bxb7 28. Bc4 Nxd1 29. Rxd1 Red8 30. Bd6 Bf8 $1 {[%cal Rf8d6]} 31. Be5 {[#]} Bxc5 $1 {[%mdl 512] aiming for ...Be7.} 32. Bf6 (32. dxc5 Rxd1+) 32... Ba7 33. Bxd8 Rxd8 34. Kf1 Rxd4 (34... Bxd4 $142 35. Nd3 Bc3) 35. Rxd4 Bxd4 {[%mdl 4096] Endgame KBB-KBN} 36. Nd3 Bc3 37. Ke2 Kf8 38. Kd1 {[#]} (38. Nc5 $1 $15 Bc6 39. Kd3) 38... Bc6 ({Better is} 38... e5 $1 $17 39. Kc2 e4 40. fxe4 Bxe4) 39. Kc2 $15 Ba4+ 40. Bb3 Bb5 41. a4 Ba6 42. a5 Ke7 (42... Bb5 $17 43. Nc5 Bd4) 43. Nc5 $11 Bb5 $1 44. Ba4 Bd4 {Hoping for ...Bf1.} 45. Bxb5 {Nd3 is the strong threat.} Bxc5 {KB-KB} 46. Kb3 Kd6 47. Kc4 g5 48. Be8 {[%mdl 1024] White has compensation.} f6 49. Bf7 e5 (49... Kd7 $11 {remains equal.}) 50. Kd3 (50. g4 $16) 50... f5 51. Bg8 h6 52. Bh7 e4+ 53. fxe4 fxe4+ 54. Kxe4 Kc6 {The position is equal.} 55. Kf5 Kb5 56. Kg6 Kxa5 57. Kxh6 Be3 {Accuracy: White = 50%, Black = 45%.} 1/2-1/2

[Event "7th Altibox Norway Chess Armageddon 2019"]
[Site "Stavanger"]
[Date "2019.06.10"]
[Round "6.5"]
[White "Grischuk, Alexander"]
[Black "Caruana, Fabiano"]
[Result "0-1"]
[WhiteElo "2775"]
[BlackElo "2819"]
[Annotator "TA"]
[PlyCount "34"]
[EventDate "2019.06.04"]
[EventType "tourn"]
[EventCountry "NOR"]
[SourceTitle "playchess.com"]
[Source "ChessBase"]
[SourceQuality "1"]

{[%evp 12,34,23,22,20,29,20,20,29,23,31,37,40,22,29,10,51,-4,0,3,0,-66,-1,-552,-546]} 1. e4 e5 2. Nf3 Nc6 3. Bb5 a6 4. Ba4 Nf6 5. d3 d6 6. c3 g6 7. h3 Bg7 {C77: Ruy Lopez: 3...a6 4 Ba4 Nf6, unusual lines} 8. Be3 O-O 9. Nbd2 b5 {The position is equal.} (9... Bd7 10. O-O Re8 11. Re1 h6 12. Nf1 d5 13. Ng3 b5 14. Bc2 Rb8 15. Qd2 {½-½ (41) Jakovenko,D (2748)-Tomashevsky,E (2702) Satka 2018}) 10. Bc2 Bb7 11. O-O Nd7 12. a3 $146 ({Predecessor:} 12. d4 exd4 13. cxd4 Nb4 14. Bb3 c5 15. a3 {0-1 (47) Santos Ruiz,M (2473)-Ponkratov,P (2590) Minsk 2017}) 12... Ne7 13. d4 c5 14. Re1 ({White should play} 14. dxe5 $14 dxe5 15. Nb3) 14... Qc7 15. b4 c4 16. Qc1 (16. a4 $11) 16... d5 (16... f5 $15 17. Bg5 Rae8) 17. Bh6 $2 {[%mdl 8192] [#]} (17. a4 $11 {and White is okay.}) 17... Bxh6 {Accuracy: White = 38%, Black = 50%.} 0-1

[Event "7th Altibox Norway Chess Armageddon 2019"]
[Site "Stavanger"]
[Date "2019.06.12"]
[Round "7.1"]
[White "So, Wesley"]
[Black "Carlsen, Magnus"]
[Result "1/2-1/2"]
[WhiteElo "2754"]
[BlackElo "2875"]
[Annotator "TA"]
[PlyCount "72"]
[EventDate "2019.06.04"]
[EventType "tourn"]
[EventCountry "NOR"]
[SourceTitle "playchess.com"]
[Source "ChessBase"]
[SourceQuality "1"]

{[%evp 16,72,26,43,45,35,54,27,50,43,168,71,122,57,119,121,122,-153,-152,-147,-129,-181,-181,-184,-184,-175,-183,-232,-229,-209,-196,-189,-188,-220,-158,-138,-162,-223,-203,-268,-212,-230,-213,-213,-213,-204,-206,-206,-206,-176,-173,-215,-214,-192,0,-141,0,-182,-125]} 1. d4 Nf6 2. c4 g6 3. f3 d5 4. cxd5 Nxd5 5. e4 Nb6 6. Nc3 Bg7 7. Be3 O-O 8. Qd2 Nc6 9. O-O-O f5 {D70: Grünfeld: Unusual White 3rd moves (met by ...d5)} (9... Qd6 10. Kb1 Rd8 11. Nb5 Qd7 12. d5 a6 13. Nc3 Qe8 14. Qc1 Na5 15. h4 e6 16. Bf4 Rd7 17. Bh6 Bxh6 18. Qxh6 exd5 {½-½ (35) Aronian,L (2809)-Svidler,P (2749) Geneva 2017}) 10. e5 f4 11. Bf2 Nb4 {White has an edge.} 12. a3 $146 ({Predecessor:} 12. Nh3 Qe8 13. a3 N4d5 14. Ng5 Bh6 15. h4 Bxg5 16. hxg5 Bf5 17. Ne4 {½-½ (61) Harsha,B (2492)-Sutovsky,E (2633) Douglas 2018}) 12... a5 (12... N4d5 $14) 13. h4 (13. axb4 $18 axb4 14. Ne4) 13... Be6 $16 14. Nh3 (14. axb4 $16 axb4 15. Nb1) 14... Na2+ (14... Bb3 $14) 15. Nxa2 Bxa2 16. d5 $2 {[%mdl 8192]} (16. h5 $16) 16... Qxd5 $17 17. Qxd5+ Nxd5 18. Re1 (18. Bd3 $17) 18... Rf5 $19 19. Bd3 Rxe5 20. Rxe5 Bxe5 21. h5 gxh5 22. Ng5 Nf6 23. Nxh7 Rd8 ({But not} 23... Nxh7 24. Bxh7+ Kf7 25. Rxh5 $17) 24. Bc2 Bf7 25. Ng5 Bd4 26. Be1 (26. Bxd4 {keeps fighting.} Rxd4 27. Re1) 26... b6 27. Bh4 Be3+ 28. Kb1 Rd2 {And now ...Bd5 would win.} 29. Nxf7 Kxf7 30. Bxf6 Kxf6 31. Rxh5 Rxg2 {KRB-KRB} 32. Rh6+ Ke5 33. Rh5+ {[#]} Kd6 $1 34. Rh6+ {[#]} Ke5 ({Black should try} 34... e6 $1 $19 35. Bf5 Bd4 36. Rxe6+ Kd5) 35. Rh5+ $1 $17 Kd6 36. Rh6+ $1 Kd5 {Accuracy: White = 58%, Black = 48%.} (36... e6 $19 37. Bf5 Bd4 38. Rxe6+ Kd5) 1/2-1/2

[Event "7th Altibox Norway Chess Armageddon 2019"]
[Site "Stavanger"]
[Date "2019.06.12"]
[Round "7.2"]
[White "Yu, Yangyi"]
[Black "Aronian, Levon"]
[Result "1/2-1/2"]
[WhiteElo "2738"]
[BlackElo "2752"]
[Annotator "TA"]
[PlyCount "120"]
[EventDate "2019.06.04"]
[EventType "tourn"]
[EventCountry "NOR"]
[SourceTitle "playchess.com"]
[Source "ChessBase"]
[SourceQuality "1"]

{[%evp 13,120,0,0,0,0,0,13,0,0,0,3,4,7,-39,-32,-22,-23,-8,0,0,0,0,2,0,0,0,0,0,0,0,0,10,2,0,0,0,0,0,0,0,4,0,0,0,0,0,24,24,25,24,24,24,29,11,13,8,16,10,16,0,0,-9,31,0,7,7,6,0,56,56,56,40,44,42,43,29,24,0,0,0,0,0,0,0,0,0,0,0,0,0,2,2,12,0,0,0,12,0,0,0,12,12,12,12,12,4,12,0,0]} 1. d4 Nf6 2. c4 e6 3. Nc3 Bb4 4. Qc2 O-O 5. e4 d5 6. e5 Ne4 7. Bd3 c5 $1 {[%cal Rc5d4]} 8. Nf3 {E32: Nimzo-Indian: Classical (4 Qc2): 4...0-0} cxd4 9. Nxd4 Nd7 10. Bf4 Qh4 11. g3 Qh5 12. cxd5 (12. h4 Nxe5 13. Be2 Ng4 14. Bxg4 Qxg4 15. f3 Qh5 {1-0 (36) Vallejo Pons,F (2707)-So,W (2780) Leon 2018}) 12... exd5 13. f3 $146 ({Predecessor:} 13. O-O Bxc3 14. bxc3 Nec5 15. Be2 Qg6 {½-½ (34) Richter,M (2460)-Luch,M (2429) Germany 2012}) 13... Bxc3+ 14. bxc3 Nec5 15. g4 $132 {[%mdl 2048] White is not keeping still} Qh4+ 16. Bg3 $1 {[%cal Rg3h4]} Qh6 17. Nf5 Qe6 18. O-O Nxe5 19. Nd4 Qh6 20. Bxh7+ Qxh7 21. Qxh7+ Kxh7 22. Bxe5 Re8 23. Bg3 Bd7 24. Rfe1 Na4 25. Rac1 Rac8 26. Rxe8 Bxe8 27. Be1 Bd7 28. h4 b6 29. Bd2 Nb2 30. Re1 Re8 31. Rxe8 Bxe8 $11 {[%mdl 4096] Endgame KBN-KBN} 32. Kf2 Bd7 33. h5 f6 34. Kg3 Nc4 35. Bc1 Kg8 36. f4 Nd6 37. Kh4 Nb5 38. Ne2 Be6 39. f5 Bf7 40. a3 {[%cal Ba2a3,Ba3a4][%mdl 32]} Kf8 (40... Be8 $11) 41. a4 $14 Nc7 42. Nd4 Be8 43. Bf4 Na6 44. Ne6+ (44. a5 $5) 44... Kf7 45. g5 fxg5+ {The position is equal.} 46. Kxg5 {[#] Black must now prevent Be5.} Nc5 47. Nxc5 bxc5 $11 {KB-KB} 48. a5 d4 $1 49. cxd4 cxd4 50. Be5 d3 {[#] Hoping for ...d2.} 51. Bc3 a6 52. Kf4 Bd7 53. Kg5 Bc6 54. Kf4 Bd7 55. Bd2 Kf6 56. Bc3+ Kf7 57. Ke4 Bc8 58. Ke5 Bd7 59. Kf4 Bc8 60. Kg5 Bb7 {Accuracy: White = 48%, Black = 77%.} 1/2-1/2

[Event "7th Altibox Norway Chess Armageddon 2019"]
[Site "Stavanger"]
[Date "2019.06.13"]
[Round "8.3"]
[White "Vachier-Lagrave, Maxime"]
[Black "Ding, Liren"]
[Result "1-0"]
[WhiteElo "2779"]
[BlackElo "2805"]
[Annotator "TA"]
[PlyCount "117"]
[EventDate "2019.06.04"]
[EventType "tourn"]
[EventCountry "NOR"]
[SourceTitle "playchess.com"]
[Source "ChessBase"]
[SourceQuality "1"]

{[%evp 10,117,0,0,0,0,16,0,13,18,13,0,0,6,0,-10,-3,-14,0,0,0,-33,48,8,11,9,19,-12,72,-7,0,-20,0,0,0,0,0,0,0,0,0,-22,9,-28,-35,-27,-23,-18,-26,-108,-74,-74,-77,-77,-77,-77,-72,-77,0,-72,114,114,165,159,181,181,181,174,544,499,598,592,591,591,1720,1693,1954,1959,29951,11914,29956,1368,29982,29956,29972,29969,29980,29981,29981,29982,29980,29981,29981,29979,29981,29982,29984,29985,29985,29985,29987,29988,29988,29986,29986,29978,29978,29977,29990,29991]} 1. c4 e5 2. Nc3 Nf6 3. e3 Bb4 4. Nge2 O-O 5. a3 Bxc3 6. Nxc3 d5 {A22: English Opening: 1...e5 2 Nc3 Nf6} 7. cxd5 Nxd5 8. Qc2 (8. Qb3 Nxc3 9. bxc3 c5 10. Be2 Nc6 11. c4 b6 12. Bf3 Bb7 13. Qc3 Re8 14. Bd5 {½-½ (80) Laznicka,V (2647)-Kryvoruchko,Y (2689) Riadh 2017}) 8... c5 {The position is equal.} 9. Bd3 h6 10. b3 $146 ({Predecessor:} 10. b4 cxb4 11. Nxd5 Qxd5 12. Bh7+ Kh8 13. Be4 Qb5 14. axb4 {½-½ (41) Blomqvist,E (2525)-Dhulipalla,B (2392) Barcelona 2017}) 10... Nc6 11. Nxd5 Qxd5 12. Be4 Qd6 13. Bb2 Be6 14. O-O Rac8 15. f4 Bd5 (15... Rfd8 $15) 16. Bh7+ Kh8 17. Bf5 Rcd8 18. Rad1 b6 (18... f6 $11) 19. Qc3 (19. fxe5 $16 Nxe5 20. d4 cxd4 21. Rxd4 (21. Bxd4 f6 $11) (21. exd4 Nc6 $11)) 19... f6 20. b4 (20. fxe5 {seems wilder.} fxe5 21. Bc2 Rxf1+ 22. Rxf1 Bg8 23. Be4) 20... cxb4 (20... exf4 {is interesting.} 21. Rxf4 Nd4 22. Bg4 Ne6 23. Rf2 cxb4 24. Qxb4 Nc5) 21. axb4 Qxb4 22. Qxb4 Nxb4 23. fxe5 fxe5 24. Bxe5 Bc4 25. d3 (25. Rf2 {looks sharper.} Nd3 26. Bxd3 Bxd3 27. Rc1 Rxf2 28. Kxf2 Rd5 29. Bd4) 25... Nxd3 26. Rxd3 (26. Bc7 {feels hotter.} Rd5 27. Be4 Rxf1+ 28. Rxf1 Rd7 29. Rf8+) 26... Bxd3 27. Bxd3 Rxf1+ 28. Bxf1 a5 29. Bc7 (29. Kf2 $11 {remains equal.}) 29... Rd2 30. Bxb6 a4 31. Bc5 {next e4 is good for White.} Rc2 {[%mdl 1024] Black has strong compensation.} 32. Bb4 {Black should prevent e4.} Rb2 $1 {[%cal Rb2b4]} 33. Bd6 Rd2 ({Better is} 33... Rb3 $17 34. Bc4 Rxe3) 34. Be7 (34. Bc5 $11) 34... Ra2 $2 (34... Rd7 $17 {stays on course.} 35. Bb4 Rb7) 35. Bc4 $16 Ra1+ (35... Rc2 $16 36. Bd5 Rc3) 36. Kf2 $18 a3 {[#]} 37. Kf3 $1 a2 {White must now prevent ...Rf1+!} 38. Ke4 Rg1 $2 (38... Kh7 39. h3 Kh8) 39. Bxa2 Rxg2 {[#]} 40. Bd5 $1 Rxh2 41. Kf5 Kh7 42. e4 Rf2+ 43. Ke6 g5 44. e5 g4 45. Bh4 Rh2 46. Bg3 {White mates.} Rh3 47. Bf4 Kg7 48. Kd6 Rd3 49. e6 Kf8 50. Bxh6+ Ke8 51. Bf4 g3 {[#]} 52. Bxg3 $1 {[%mdl 512]} Rd1 (52... Rxg3 53. Bc6+) 53. Ke5 Rc1 54. Bf4 Re1+ 55. Kf6 Kd8 56. Kf7 Re2 57. Bg5+ Kc7 58. e7 Rf2+ 59. Bf6 {Accuracy: White = 50%, Black = 34%.} 1-0

[Event "7th Altibox Norway Chess Armageddon 2019"]
[Site "Stavanger"]
[Date "2019.06.13"]
[Round "8.4"]
[White "Mamedyarov, Shakhriyar"]
[Black "So, Wesley"]
[Result "1/2-1/2"]
[WhiteElo "2774"]
[BlackElo "2754"]
[Annotator "TA"]
[PlyCount "76"]
[EventDate "2019.06.04"]
[EventType "tourn"]
[EventCountry "NOR"]
[SourceTitle "playchess.com"]
[Source "ChessBase"]
[SourceQuality "1"]

{[%evp 9,76,0,0,0,-2,-1,1,-9,3,3,51,58,68,34,45,37,43,9,43,43,33,0,59,-108,-101,-140,31,-126,-39,-46,-37,-211,-212,-200,-204,-216,-194,-201,-202,-210,-174,-175,-173,-266,-157,-192,-77,-77,-77,-77,-79,-102,-8,-8,-8,-8,-4,-4,0,-8,-3,-50,-33,-151,-143,-761,-729,-762,-718]} 1. d4 Nf6 2. Bg5 d5 3. Bxf6 exf6 4. e3 Bd6 5. Nd2 (5. Bd3 c6 6. Nd2 Qe7 7. Qf3 g6 8. h3 Nd7 9. g4 h5 10. Ne2 Nb6 11. Rg1 hxg4 12. hxg4 Bd7 13. O-O-O O-O-O 14. Kb1 {0-1 (59) Duda,J (2737)-So,W (2780) chess.com INT 2018}) 5... O-O 6. Qf3 {D00: 1 d4 d5: Unusual lines} c6 7. Bd3 Re8 8. Ne2 {The position is equal.} Be6 9. g4 Qb6 10. O-O-O $146 ({Predecessor:} 10. a3 Nd7 11. h4 c5 12. b3 Qc7 13. c3 a6 14. g5 Be7 {1-0 (52) Ubezio,M (2182)-Cereda,L (1890) Corsico 2003}) 10... Nd7 11. Nf4 Qc7 12. h4 a5 13. Rdg1 a4 14. a3 c5 15. g5 Bxf4 ({Black should try} 15... c4 $11 16. Nxe6 fxe6 17. Bxc4 dxc4 18. gxf6 Nxf6 $1 {[%mdl 512]} 19. Qxf6 c3) 16. exf4 $2 (16. Qxf4 $14 Qxf4 17. exf4) 16... f5 $1 $17 (16... cxd4 $2 17. gxf6 Nxf6 18. f5 $18) 17. Qe3 {[#]} Rac8 $2 ({Better is} 17... b5 $1 $17 {[%mdl 512]} 18. h5 (18. Bxb5 Qb6 $19) 18... b4 19. dxc5 bxa3 20. bxa3 Nxc5) 18. c3 $2 {[#]} (18. Nf3 $1 $14 {keeps the upper hand.}) 18... cxd4 (18... b5 $1 $17 {Strongly threatening ...b4.} 19. Kb1 (19. Bxb5 $2 Qb6 $19) 19... Nb6 20. dxc5 (20. Bxb5 $2 Bd7 $19 {[%mdl 64] Discovered Attack}) 20... Nc4 21. Bxc4 dxc4) 19. Qxd4 $15 Nb8 {Threatens to win with ...Nc6.} 20. Kb1 $2 ({White must play} 20. Bb5 $1 $15 Nc6 21. Bxc6 bxc6 22. h5 (22. Qxa4 c5 $17)) 20... Nc6 $19 21. Qxa4 {[#]} d4 $1 {[%cal Rd4c3][%mdl 512] aiming for ...dxc3.} 22. Rc1 (22. cxd4 Qxf4) 22... Qxf4 23. Rhd1 Qxh4 24. Nf3 Qxf2 25. Nxd4 Nxd4 26. cxd4 (26. Qxd4 $142 Qxd4 27. cxd4) 26... Qe3 (26... Qf3 $19 27. Ka1 g6) 27. Rxc8 $17 Rxc8 {[#]} (27... Bxc8 $19 28. Bc4 f4) 28. d5 $1 {[%mdl 512]} Bxd5 {Hoping for ...Be6.} 29. Bxf5 Be6 30. Qg4 g6 (30... b5 $17) 31. Bxe6 $11 Qxe6 32. Qxe6 fxe6 {[%mdl 4096] Endgame KR-KR} 33. Rd7 b5 {[%cal Bb7b5,Bb5a4][%mdl 32]} 34. b4 {With the idea Rb7.} Rf8 35. Rb7 Rf5 36. a4 (36. Rb8+ $15 Kf7 37. Rb7+ Kf8 38. Rxh7) 36... bxa4 $17 37. b5 $2 {[%mdl 8192]} (37. Rb8+ $17 Rf8 38. Rb7) 37... Rxg5 $19 38. Ka2 Rg3 {[%mdl 32768] Accuracy: White = 33%, Black = 46%. . An unexpected result.} 1/2-1/2

[Event "7th Altibox Norway Chess Armageddon 2019"]
[Site "Stavanger"]
[Date "2019.06.14"]
[Round "9.1"]
[White "Caruana, Fabiano"]
[Black "Carlsen, Magnus"]
[Result "1-0"]
[WhiteElo "2819"]
[BlackElo "2875"]
[Annotator "TA"]
[PlyCount "104"]
[EventDate "2019.06.04"]
[EventType "tourn"]
[EventCountry "NOR"]
[SourceTitle "playchess.com"]
[Source "ChessBase"]
[SourceQuality "1"]

{[%evp 13,104,20,10,12,26,-4,0,0,0,4,2,0,10,5,16,13,4,0,0,0,10,0,16,0,0,0,31,23,54,49,72,74,81,79,85,74,82,74,66,72,74,29,105,116,99,104,144,149,164,164,171,172,162,165,208,206,186,132,217,217,243,158,156,156,148,43,52,43,193,168,211,189,211,163,204,215,212,201,341,341,954,971,1063,1004,1264,1244,1113,445,1362,1154,1729,2584,1572]} 1. e4 c5 2. Nf3 Nc6 3. Bb5 Nf6 4. Nc3 Nd4 5. e5 Nxb5 6. Nxb5 Nd5 7. Ng5 f6 8. Ne4 {B30: Sicilian: 2...Nc6 3 Bb5, lines without ...g6} (8. Qf3 e6 9. Ne4 Qb6 10. Nbd6+ Bxd6 11. Nxd6+ Ke7 12. Qg3 Rg8 13. d3 fxe5 14. Nc4 Qc7 15. Nxe5 d6 {1-0 (49) Grischuk,A (2772)-Korobov,A (2652) Huaian 2017}) 8... f5 9. Nbc3 ({Avoid the trap} 9. Nxc5 $2 Qb6 $19) (9. c4 {with more complications.} Nc7 10. Nxc5 Nxb5 11. cxb5 Qb6 12. d4) 9... Nxc3 10. Nxc3 {The position is equal.} d6 $146 ({Predecessor:} 10... g6 11. d3 d5 12. h4 d4 13. Ne2 Qd5 14. Bf4 Qxg2 15. Rg1 Qc6 {0-1 (45) Novoselski,Z (2389)-Milovanovic,S (2203) Paracin 2012}) 11. O-O dxe5 12. Qe2 e6 13. Qxe5 Qd6 14. Qe2 Be7 15. b3 O-O 16. Bb2 Bd7 17. Rae1 Rae8 18. Nd1 Bf6 19. Bxf6 Rxf6 20. Nb2 Rh6 {[%csl Gh6][%cal Rd6h2]} 21. Qe5 Qxe5 22. Rxe5 b6 23. a4 Bc6 {[#]} 24. a5 $1 {[%mdl 512]} Rd8 (24... bxa5 25. Rxc5) 25. axb6 axb6 26. d3 Rd5 27. Nc4 Bb5 (27... b5 $11 {remains equal.} 28. Rxd5 exd5) 28. Rxd5 $16 exd5 {[%mdl 4096] Endgame KRB-KRN} 29. Ne3 d4 30. Nxf5 Re6 31. Ra1 Kf7 32. f3 Kf6 33. Ng3 Re7 34. Ne4+ Ke6 35. Ra8 (35. Kf2 $18) 35... Bc6 (35... Kd7 $16 36. Kf2 h6) 36. Ra6 $18 Bxe4 37. Rxb6+ ({Don't take} 37. fxe4 $6 Rb7 $16) 37... Bc6 38. Rxc6+ $16 {[%mdl 64] Double Attack. KR-KR} Kd5 39. Ra6 (39. Rc8 $16) 39... Re2 $14 40. Ra2 {And now c4+ would win.} Kc6 (40... Ke5 $1 $14) 41. h4 $18 h5 42. Kh2 Kb6 43. Kg3 Rd2 44. f4 g6 45. Kf3 Kb7 {[#]} (45... Rd1 $142 46. Ra8 Rf1+ 47. Kg3 Rc1) 46. b4 $1 c4 $2 (46... cxb4 47. Rb2 Kc6 48. Rxb4 Rxc2 49. Rxd4 Ra2) 47. dxc4 {White is clearly winning.} d3 48. Ke3 $1 {[%csl LRd2,LRd3][%mdl 64] Double Attack} Rxg2 49. Kxd3 Rg4 50. Ra5 (50. b5 $142 Rxh4 51. Ra6) 50... Rxf4 (50... Rxh4 $142 51. Rg5 Rh3+ 52. Ke4 Rc3) 51. Rg5 Rxh4 52. Rxg6 Rh1 {Accuracy: White = 72%, Black = 28%.} 1-0